Państwa w języku Białoruskim - Statystyki

Ogólne statystyki
  • Ten quiz został rozwiązany 15 razy
  • Średni wynik to 29 z 30
Statystyki odpowiedzi
Nazwa białoruska Nazwa polska % Poprawnych
Андора Andora
100%
Бутан Bhutan
100%
Беларусь Białoruś
100%
Канада Kanada
100%
Катар Katar
100%
Кыргызстан Kirgistan
100%
Куба Kuba
100%
Лаос Laos
100%
Лесота Lesotho
100%
Мексіка Meksyk
100%
Намібія Namibia
100%
Аман Oman
100%
Расія Rosja
100%
Сербія Serbia
100%
Злучаныя Штаты Амерыкі Stany Zjednoczone / USA
100%
Турцыя Turcja
100%
Украіна Ukraina
100%
Узбекістан Uzbekistan
100%
Італія Włochy
100%
Зімбабвэ Zimbabwe
100%
Батсвана Botswana
91%
Данія Dania
91%
Грузія Gruzja
91%
Емен Jemen
91%
Рэспубліка Карэя Korea Południowa
91%
Польшча Polska
91%
Шры-Ланка Sri Lanka
91%
Вялікабрытанія Wielka Brytania
91%
Егіпет Egipt
82%
Гаіці Haiti
82%
Nie znaleziono quizów pasujących do podanych kryteriów
Rozkład punktacji
Procent ludzi z każdym wynikiem
Percentyl według liczby udzielonych odpowiedzi
Twoja historia wyników
Nie rozwiązałeś tego quizu